[Event "Quebec-ch Intercoll"]
[Site "Longueuil"]
[Date "1994.04.02"]
[Round "4"]
[White "Bichara, Nicolas"]
[Black "Nguyen, Christophe"]
[Result "0-1"]
[WhiteElo "1478"]
[BlackElo "1766"]
[PlyCount "90"]
[EventDate "1994.04.01"]
[EventType "swiss"]
[EventRounds "6"]
[EventCountry "CAN"]
[SourceTitle "EXT 2022"]
[Source "ChessBase"]
[SourceDate "2021.10.06"]
[SourceVersion "1"]
[SourceVersionDate "2021.10.06"]
[SourceQuality "1"]

1. e4 c5 2. Nf3 e6 3. c4 d5 4. exd5 exd5 5. cxd5 Nf6 6. d4 cxd4 7. Qxd4 Qxd5 8. Qxd5 Nxd5 9. Bc4 Bb4+ 10. Bd2 Bxd2+ 11. Nbxd2 Nb6 12. Bd3 0-0 13. 0-0 Nc6 14. Be4 Bd7 15. Rac1 Rfe8 16. Rfe1 Rac8 17. Nc4 Nxc4 18. Rxc4 Be6 19. Ra4 a6 20. h3 h6 21. Bxc6 Rxc6 22. Nd4 Rd6 23. Rb4 Bd7 24. Rxe8+ Bxe8 25. g3 Kf8 26. Kg2 a5 27. Nf5 Rf6 28. Rf4 g5 29. Rc4 Rxf5 30. g4 Re5 31. a3 Re2 32. b4 axb4 33. axb4 Bc6+ 34. Kg3 Re4 35. Rxe4 Bxe4 36. f4 Ke7 37. h4 f6 38. fxg5 fxg5 39. hxg5 hxg5 40. Kf2 Ke6 41. Ke3 Ke5 42. b5 Bc6 43. bxc6 bxc6 44. Kf3 Kd4 45. Ke2 Ke4 0-1